Organization ethics in health care

Bibliographic Details
Main Author: Spencer, Edward M.
Corporate Author: ProQuest (Firm)
Format: Electronic eBook
Language:English
Published: New York : Oxford University Press, 2000.
Subjects:
Online Access:Click to View
LEADER 01372nam a2200361Ia 4500
001 EBC2033502
003 MiAaPQ
005 20200520144314.0
006 m o d |
007 cr cn|||||||||
008 990422s2000 nyua sb 001 0 eng d
010 |z  99031080  
020 |z 0195129806 (alk. paper) 
020 |z 9783642113802 
035 |a (MiAaPQ)EBC2033502 
035 |a (Au-PeEL)EBL2033502 
035 |a (CaPaEBR)ebr10375042 
035 |a (CaONFJC)MIL83129 
035 |a (OCoLC)923714132 
040 |a MiAaPQ  |c MiAaPQ  |d MiAaPQ 
050 4 |a RA413  |b .S64 2000 
100 1 |a Spencer, Edward M. 
245 1 0 |a Organization ethics in health care  |h [electronic resource] /  |c Edward M. Spencer ... [et al.]. 
260 |a New York :  |b Oxford University Press,  |c 2000. 
300 |a x, 245 p. :  |b ill. 
504 |a Includes bibliographical references (p. 229-236) and index. 
533 |a Electronic reproduction. Ann Arbor, MI : ProQuest, 2015. Available via World Wide Web. Access may be limited to ProQuest affiliated libraries. 
650 0 |a Managed care plans (Medical care)  |x Moral and ethical aspects. 
650 0 |a Medical ethics. 
650 0 |a Corporate culture  |x Moral and ethical aspects. 
655 4 |a Electronic books. 
710 2 |a ProQuest (Firm) 
856 4 0 |u https://ebookcentral.proquest.com/lib/matrademy/detail.action?docID=2033502  |z Click to View